| 000 | 00826nam a22002777a 4500 | ||
|---|---|---|---|
| 999 |
_c16931 _d16931 |
||
| 003 | EG-ScBUE | ||
| 005 | 20201031101918.0 | ||
| 008 | 120808t1992 mau f 000 p eng d | ||
| 020 | _a0807068780 | ||
| 020 | _a9780807068786 | ||
| 040 |
_aEG-ScBUE _beng _erda _cEG-ScBUE _dEG-ScBUE |
||
| 082 | 0 | 4 |
_a811.54 _bOLI _222 |
| 100 | 1 |
_930473 _aOliver, Mary, _d1935- _eauthor. |
|
| 245 | 1 | 0 |
_aNew and selected poems. _nVolume one / _cMary Oliver. |
| 264 | 1 |
_aBoston : _bBeacon Press, _c[1992] |
|
| 264 | 4 | _cc1992 | |
| 300 |
_axii, 255 pages ; _c24 cm |
||
| 336 |
_2rdacontent _atext _btxt |
||
| 337 |
_2rdamedia _aunmediated _bn |
||
| 338 |
_2rdacarrier _avolume _bnc |
||
| 650 | 7 |
_930816 _aAmerican poetry _y20th century. _2BUEsh |
|
| 651 | _2BUEsh | ||
| 653 |
_cAugust2012 _bGGEN |
||
| 655 |
_vReading book _934232 |
||
| 942 |
_2ddc _cBB |
||